| 000 | 00811nas a2200265 4500 | ||
|---|---|---|---|
| 001 | BR9212615 | ||
| 003 | BR-BrBNA | ||
| 005 | 20231205094810.0 | ||
| 007 | ta | ||
| 008 | 230509b bl.|||p| |||| 00| 00por d | ||
| 040 |
_aBR-BrBNA _bpor _cBiblioteca Nacional de Agricultura |
||
| 041 | _a(Pt) | ||
| 072 | _aC10 | ||
| 100 | 1 | _aRodrigues, S. | |
| 100 | 1 | _aBertolacci, M.C. | |
| 100 | 1 | _aSilva, F.C. da | |
| 100 | 1 | _aAndrade, J.E. de | |
| 245 | 1 | _aA potencialidade da Escola Superior de Agronomia de Paraguacu Paulista (ESAPP)na formacao de profissionais | |
| 650 | _aEducacao Agricola | ||
| 650 | _aExtensao Rural | ||
| 650 | _aPrograma Educacional | ||
| 773 | 0 |
_tUsineiro (Brazil) _x _g(Sep-Oct 1990), v. 4(20) p. 16-20 _wBR9212615 |
|
| 909 |
_a202311 _bLúcia _c55 _dLúcia Elande |
||
| 942 |
_2AGRIS _n0 _cANA |
||
| 999 |
_c146917 _d146917 |
||